|
|
|
|
| LEADER |
00000nab a2200000uu 4500 |
| 001 |
vtls010879281 |
| 003 |
SK-MaSNL |
| 005 |
20260303163627.0 |
| 008 |
230303|1947 xo |||||||||||||||||slo| |
| 015 |
|
|
|a SNBRB
|
| 035 |
|
|
|a (urnnbn)urn:nbn:sk:snk:ar-005vxf
|
| 035 |
|
|
|a (uuid)5782ac0f-c837-48e6-83b0-7ac8ab9790dd
|
| 035 |
|
|
|a urn:nbn:sk:snk-ab7n9y
|
| 040 |
|
|
|a SNKBUCL
|b slo
|c SNKBUCL
|e AACR2
|
| 041 |
0 |
|
|a slo
|
| 044 |
|
|
|a xo
|c SK
|
| 100 |
1 |
|
|a Gašperík, Juraj,
|d 1906-1979
|4 aut
|9 37278
|
| 245 |
1 |
0 |
|a Plastické hmoty
|c J. Gašperík
|
| 773 |
0 |
|
|t Chemické zvesti
|g Roč. 1, č. 1 (1947), s. 19-25
|
| 954 |
|
|
|a odborná, vedecká literatúra pôvodná (slovenská)
|2 lita
|
| 958 |
|
|
|a EUIPO
|
| 958 |
|
|
|a OND
|
| 958 |
|
|
|a article8
|
| 999 |
|
|
|c 2060421
|d 2062351
|